| 000 | 01041cam a2200289 i 4500 | ||
|---|---|---|---|
| 001 | 15249947 | ||
| 003 | EG-ScBUE | ||
| 005 | 20250714100324.0 | ||
| 008 | 080407t2008 gw a f b 001 0 eng d | ||
| 020 | _a9783540787587 (hbk.) | ||
| 020 | _a3540787585 (hbk.) | ||
| 040 |
_aUKM _beng _erda _cUKM _dBTCTA _dYDXCP _dOHX _dBAKER _dBWX _dCDX _dIXA _dORX _dVRC _dHEBIS _dDEBBG _dOCL _dOCLCQ _dDLC _dEG-ScBUE |
||
| 082 | 0 | 4 |
_222 _a541.361 _bLIB |
| 100 | 1 |
_aLiberman, M. A. _q(Mikhail Andreevich), _d1942- _eauthor. _939681 |
|
| 245 | 1 | 0 |
_aIntroduction to physics and chemistry of combustion : _bexplosion, flame, detonation / _cMichael Liberman. |
| 264 | 1 |
_aBerlin : _bSpringer, _c[2008] |
|
| 264 | 4 | _cc2008 | |
| 300 |
_axv, 360 pages : _billustrations ; _c24 cm |
||
| 336 |
_2rdacontent _atext _btxt |
||
| 337 |
_aunmediated _2rdamedia _bn |
||
| 338 |
_avolume _bnc _2rdacarrier |
||
| 504 | _aIncludes bibliographical references and index. | ||
| 650 | 7 |
_aCombustion. _2BUEsh _97207 |
|
| 653 |
_bENGGEN _cMarch2016 |
||
| 655 | _vReading book | ||
| 942 |
_2ddc _cBB |
||
| 999 |
_c21513 _d21485 |
||